Sister of mine

Bibliographic Details
Main Author: Petroli, Laurie
Format: Book
Published: Harpenden, UK : No Exit Press , 2019
Subjects:

MARC

LEADER 00000cam a2200000 7i4500
001 0000278581
005 20201202093559.0
020 |a 9780857303394 
090 0 |a F   |b PET 
100 1 |a Petroli, Laurie 
245 1 0 |a Sister of mine   |c Laurie Petroli 
260 |a Harpenden, UK :   |b No Exit Press ,   |c 2019 
300 |a 255p. ;   |c 20cm. 
650 0 |a Fiction 
999 |a 00385709   |b BUKU   |c PINJAMAN   |e PERPUSTAKAAN KOMUNITI PETALING JAYA